000 00433nam a2200193Ia 4500
008 240510s9999 xx 000 0 und d
020 _a9781782119241
041 _aEng
082 _a153.8
082 _bR22
100 _aREED,RICHARD
245 0 _aIf I could tell you just one thing
260 _bEdinburgh:Canongate Books
260 _c2018
300 _a391 p.
650 _aMotivation
942 _2ddc
942 _cRBK
999 _c29543
_d29543
945 _a1
_bMadushi Gamage
_c1
_dMadushi Gamage